[Event "SVK-ch U10"]
[White "Olejnik, Frederik"]
[Black "Tomecek, Oskar"]
[Site "Tatralandia"]
[Round "7"]
[Result "0-1"]
[Date "2024.04.10"]
[WhiteElo "1000"]
[BlackElo "1000"]
[PlyCount "128"]
[EventDate "2024.04.05"]
[EventType "swiss"]
[EventRounds "9"]
[EventCountry "SVK"]
[SourceTitle "CBM 219 Extra"]
[Source "ChessBase"]
[SourceDate "2024.05.31"]
[SourceVersion "1"]
[SourceVersionDate "2024.05.31"]
[SourceQuality "1"]

1. e4 e5 2. Nf3 Nc6 3. d4 Nf6 4. Nc3 Bb4 5. Bd2 exd4 6. Nd5 Nxd5 7. exd5 Bxd2+ 8. Qxd2 Ne7 9. Qxd4 0-0 10. Bd3 g6 11. Qh4 Nf5 12. Bxf5 Qxh4 13. Nxh4 gxf5 14. 0-0 c6 15. dxc6 dxc6 16. Nxf5 Bxf5 17. c3 Rfe8 18. h3 Bd3 19. Rfd1 Be2 20. Rd7 b5 21. Rd6 c5 22. Rd5 Rac8 23. Rg5+ Kh8 24. b4 cxb4 25. cxb4 f6 26. Rf5 Re5 27. Rxf6 Rc4 28. a3 Rg5 29. Re6 Bf3 30. Kh2 Rxg2+ 31. Kh1 Rxf2+ 32. Kg1 Rg2+ 33. Kf1 Rf4 34. Ke1 Rg1+ 35. Kf2 Rxa1 36. Kg3 Rf8 37. Ra6 Rg1+ 38. Kh2 Rg2+ 39. Kh1 Rg6+ 40. Kh2 Rxa6 41. a4 bxa4 42. Kg3 Rg6+ 43. Kh2 Rd8 44. h4 Rd2+ 45. Kh3 Bg4+ 46. Kg3 Be6+ 47. Kf4 a3 48. h5 Rf2+ 49. Ke3 Rh2 50. hxg6 hxg6 51. b5 a2 52. b6 Rh3+ 53. Kd4 a1Q+ 54. Kc5 Rh5+ 55. Kc6 Qc1+ 56. Kb7 axb6 57. Kxb6 Qc5+ 58. Kb7 Qc8+ 59. Ka7 Ra5+ 60. Kb6 Qa6+ 61. Kc7 Qa7+ 62. Kc6 Qd7+ 63. Kb6 Rb5+ 64. Ka6 Qb7# 0-1

[Event "SVK-ch U10"]
[White "Prochazka, Martin"]
[Black "Olejnik, Frederik"]
[Site "Tatralandia"]
[Round "5"]
[Result "1-0"]
[Date "2024.04.08"]
[WhiteElo "1427"]
[BlackElo "1000"]
[PlyCount "59"]
[EventDate "2024.04.05"]
[EventType "swiss"]
[EventRounds "9"]
[EventCountry "SVK"]
[SourceTitle "CBM 219 Extra"]
[Source "ChessBase"]
[SourceDate "2024.05.31"]
[SourceVersion "1"]
[SourceVersionDate "2024.05.31"]
[SourceQuality "1"]

1. e4 e5 2. Nf3 Nc6 3. Bb5 Qf6 4. 0-0 a6 5. Ba4 d6 6. d4 exd4 7. Nxd4 Qg6 8. Nxc6 bxc6 9. Bxc6+ Kd8 10. Bxa8 Bh3 11. Qf3 Nf6 12. Qxh3 Nxe4 13. Bxe4 Qxe4 14. Nc3 Qxc2 15. Bg5+ f6 16. Bf4 Qxb2 17. Rab1 Qa3 18. Rb8+ Ke7 19. Nd5+ Kf7 20. Qxa3 Ke6 21. Nxc7+ Kf5 22. Re8 d5 23. Qd3+ Kxf4 24. Nxd5+ Kg4 25. Qe4+ Kg5 26. h4+ Kh5 27. Qf5+ g5 28. Nxf6+ Kxh4 29. Re4+ g4 30. Rxg4# 1-0